Guide to ACA Term Partnering Contracts TPC2005 and STPC2005 (Record no. 112596)
[ view plain ]
| 000 -LEADER | |
|---|---|
| fixed length control field | 00786cam a22002295a 4500 |
| 001 - CONTROL NUMBER | |
| control field | L153559 |
| 008 - FIXED-LENGTH DATA ELEMENTS--GENERAL INFORMATION | |
| fixed length control field | 110805s2011 xxk f 000 0 eng d |
| 020 ## - INTERNATIONAL STANDARD BOOK NUMBER | |
| International Standard Book Number | 9781901171396 |
| 035 ## - SYSTEM CONTROL NUMBER | |
| System control number | (Sirsi) u153559 |
| 041 0# - LANGUAGE CODE | |
| Language code of text/sound track or separate title | eng |
| 050 04 - LIBRARY OF CONGRESS CALL NUMBER | |
| Classification number | 692.8 |
| 110 2# - MAIN ENTRY--CORPORATE NAME | |
| Corporate name or jurisdiction name as entry element | Association of Consultant Architects |
| 9 (RLIN) | 1156 |
| 245 00 - TITLE STATEMENT | |
| Title | Guide to ACA Term Partnering Contracts TPC2005 and STPC2005 |
| 260 ## - PUBLICATION, DISTRIBUTION, ETC. | |
| Place of publication, distribution, etc. | Bromley |
| Name of publisher, distributor, etc. | ACA |
| Date of publication, distribution, etc. | 2011 |
| 520 ## - SUMMARY, ETC. | |
| Summary, etc. | Written for use with the TPC2005 and the STPC2005, this text details the contractual provisions and processes that are useful when building cooperative teams between trm works, services and suppliers. |
| 521 ## - TARGET AUDIENCE NOTE | |
| Target audience note | S |
| 590 ## - LOCAL NOTE (RLIN) | |
| Local note | KA |
| 651 #4 - SUBJECT ADDED ENTRY--GEOGRAPHIC NAME | |
| Geographic name | ENGLAND AND WALES |
| 690 ## - LOCAL SUBJECT ADDED ENTRY--TOPICAL TERM (OCLC, RLIN) | |
| Topical term or geographic name as entry element | BUILT ENVIRONMENT-BUILDING CONTRACT FORMS |
| 942 ## - ADDED ENTRY ELEMENTS (KOHA) | |
| Suppress in OPAC | 0 |
| Withdrawn status | Lost status | Source of classification or shelving scheme | Damaged status | Not for loan | Home library | Current library | Shelving location | Date acquired | Cost, normal purchase price | Total Checkouts | Full call number | Barcode | Date last seen | Copy number | Cost, replacement price | Price effective from | Koha item type |
|---|---|---|---|---|---|---|---|---|---|---|---|---|---|---|---|---|---|
| Dewey Decimal Classification | London | London | Folio | 04/10/2011 | 25.00 | 692.8 ACA | 30079572 | 06/08/2019 | 1 | 25.00 | 06/08/2019 | Book |